00764nam a22001937a 4500010001300000020002300013035001300036037001600049040001200065082001500077245023000092260004600322270005300368300002000421650004600441650003800487650002200525700002300547 aB-097654 a8182230322c475.00 aB-097654 bCen Lib/Ref aDPLbEn a483.4bEDU aAdvanced practical 21st century dictionary : English into English & Urdu, with brief general knowledge :bincludes more than 1,00,000 words, phrases, idioms, usages, illustrations and sentences /cedited by Khwaja Ejaz Rasool aDelhibEducational Publishing Housec2005 a3108, Vakil Street, Kucha Pandit Lal KaunbDelhi a1600pc27cm(Hb) aEnglish language -- Dictionaries -- Urdu. aEnglish language -- Dictionaries. aEnglish language. aKhwaja Ejaz Rasool